Statistics for Laffy Taffy Jokes

Click here to take the quiz!

General Stats

  • This quiz has been taken 150 times
  • The average score is 5 of 15

Answer Stats

JokePunch Line% Correct
What did the man say when he walked into a bar?Ouch
77%
What word is always spelled wrong?Wrong
70%
What kind of comb do you use to brush a bee's hair?A honeycomb
61%
What starts with T, is full of T, and ends with T?A Teapot
57%
Where does a general keep his armies?Up his sleevies
46%
Why did the dalmatian need glasses?He was seeing spots
35%
What do you call a cow with no legs?Ground Beef
34%
What has 10 letters and starts with GASAutomobile
26%
What goes tick-tock, woof-woof?A watchdog
23%
Where does a penguin keep his money?In a snow bank
15%
What did the flower say to the bike?Petal
15%
What has four legs and goes boooooo?A sick cow
10%
When does it rain money?When there is a change in the weather
10%
What do you call a horse that likes arts and crafts?A hobby horse
9%
How do you fix a broken Jack-O-LanternWith a pumpkin patch
9%

Score Distribution

Percentile by Number Answered

Percent of People with Each Score

Your Score History

You have not taken this quiz